Малый бизнес для "чайников": пер. с англ.

Bibliographic Details
Main Author: Тайсон Э. Эрик
Other Authors: Шелл Дж. Джим
Summary:Хотели ли вы хоть раз перестать работать на кого-то и стать самому себе хозяином? Прельщает ли вас перспектива заполучить собственное предприятие, управлением, ростом и развитием которого занимались бы только вы? А может быть, вы давно мечтаете реализовать свой творческий потенциал, открыв собственное дело, непохожее на другие? Все эти и многие другие возможности вам может дать малый бизнес. Правда, он не только манит, но и пугает тысячи людей по всему миру. Очень многие и рады были бы им заняться, но абсолютно не представляют, с чего начать и что именно от них потребуется в дальнейшем. К счастью, все не так страшно, как может показаться на первый взгляд. В книге Эрика Тайсона и Джима Шелла, которые сами являются владельцами нескольких успешных малых предприятий, вы найдете массу полезных советов. Все они проверены временем и личным опытом авторов или знакомых им людей. Из 2-го издания книги Малый бизнес для "чайников" читатель узнает о том, как открыть новое дело или приобрести уже существующее, управлять своим временем, людьми и финансами. Она раскроет преимущества и недостатки франчайзинга, домашнего бизнеса, научит составлять бизнес-план. Прочитав ее, вы рано или поздно добьетесь успеха. Книга будет интересна как нынешним владельцам малого бизнеса, так и тем, кто только мечтает освоить эту роль.
Language:Russian
Published: Москва, Диалектика, 2008
Edition:2-е изд.
Subjects:
Format: Book
KOHA link:https://koha.lib.tpu.ru/cgi-bin/koha/opac-detail.pl?biblionumber=132000

MARC

LEADER 00000nam0a2200000 4500
001 132000
005 20231031134655.0
010 |a 9785845912282 
035 |a (RuTPU)RU\TPU\book\142935 
090 |a 132000 
100 |a 20080226d2008 m y0rusy50 ca 
101 1 |a rus  |c eng 
102 |a RU 
105 |a a z 001zy 
200 1 |a Малый бизнес для "чайников"  |e пер. с англ.  |f Э. Тайсон, Дж. Шелл 
205 |a 2-е изд. 
210 |a Москва  |c Диалектика  |d 2008 
215 |a 320 с.  |c ил. 
320 |a Предметный указатель: с. 302-307. 
330 |a Хотели ли вы хоть раз перестать работать на кого-то и стать самому себе хозяином? Прельщает ли вас перспектива заполучить собственное предприятие, управлением, ростом и развитием которого занимались бы только вы? А может быть, вы давно мечтаете реализовать свой творческий потенциал, открыв собственное дело, непохожее на другие? Все эти и многие другие возможности вам может дать малый бизнес. Правда, он не только манит, но и пугает тысячи людей по всему миру. Очень многие и рады были бы им заняться, но абсолютно не представляют, с чего начать и что именно от них потребуется в дальнейшем. К счастью, все не так страшно, как может показаться на первый взгляд. В книге Эрика Тайсона и Джима Шелла, которые сами являются владельцами нескольких успешных малых предприятий, вы найдете массу полезных советов. Все они проверены временем и личным опытом авторов или знакомых им людей. Из 2-го издания книги Малый бизнес для "чайников" читатель узнает о том, как открыть новое дело или приобрести уже существующее, управлять своим временем, людьми и финансами. Она раскроет преимущества и недостатки франчайзинга, домашнего бизнеса, научит составлять бизнес-план. Прочитав ее, вы рано или поздно добьетесь успеха. Книга будет интересна как нынешним владельцам малого бизнеса, так и тем, кто только мечтает освоить эту роль. 
610 1 |a экономика 
610 1 |a бизнес 
610 1 |a предпринимательство 
610 1 |a малый бизнес 
610 1 |a малые предприятия 
610 1 |a финансы 
610 1 |a страхование 
610 1 |a бизнес-планы 
610 1 |a предприятия 
610 1 |a покупка 
610 1 |a франчайзинг 
610 1 |a оценка 
610 1 |a маркетинг 
610 1 |a товар 
610 1 |a продвижение 
610 1 |a ценообразование 
610 1 |a расходы 
610 1 |a прибыль 
610 1 |a бизнес-инкубаторы 
610 1 |a персонал 
610 1 |a мотивации 
610 1 |a льготы 
610 1 |a налоги 
610 1 |a управление 
686 |a У012.12  |v LBC/SL-A  |2 rubbk 
686 |a У9(2)292  |v LBC/SL-A  |2 rubbk 
700 1 |a Тайсон  |b Э.  |g Эрик 
701 1 |a Шелл  |b Дж.  |g Джим 
801 1 |a RU  |b 63413507  |c 20080226  |g PSBO 
801 2 |a RU  |b 63413507  |c 20150507  |g RCR 
942 |c BK 
959 |a 20/20080226  |d 2  |e 138,00  |f АНЛ:1  |f ЧЗГЛ:1